000 00450 a2200157 4500
003 OSt
005 20231124154539.0
008 231124b |||||||| |||| 00| 0 eng d
020 _a9789356812895
040 _coclc
082 _a540
_bKAU/N
100 _aKaushal, Manu
_99949
245 _aNEET Objective Chemistry part I /
_cDr Manu Kaushal
260 _bG K Publications,
_c2024.
942 _2ddc
_cBK
_h540
_iKAU/N
_k540
_mKAU/N
999 _c41888
_d41888